000 00566 a2200181 4500
999 _c6466
_d6466
020 _a9780202363059 (alk. paper)
050 0 0 _aUA 15 BIE 2008
100 1 _aBienen, Henry.
245 1 4 _aThe military and modernization /
_cHenry Bienen , ed.
264 _aNew Brunswick, NJ :
_bAldineTransaction,
_c2008.
300 _axiv, 242 p.
500 _aincludes index
504 _aincudes bibliographical references
650 0 _aArmed Forces
_xPolitical activity.
650 0 _aCivil-military relations.
650 0 _aPolitical science.
942 _2lcc
_cBK
_h15
_iBIE
_kUA